LEADER 01324cam0-22003971i-450- 001 990007922410403321 005 20111005094307.0 010 $a88-7187-949-X 020 $aIT$b2000-485 035 $a000792241 035 $aFED01000792241 035 $a(Aleph)000792241FED01 035 $a000792241 100 $a20111005d1999----km-y0itay50------ba 101 0 $aita 102 $aIT 105 $ay-------001yy 200 1 $aLavorare nel non profit$ebeni culturali, sanità, ambiente, istruzione, sport e tempo libero, le professioni delle fondazioni bancarie$fa cura di Alberto Orioli$gtesti di Madela Canepa ... [et al.] 205 $a2. ed. agg. 210 $aMilano$cIl Sole 24 Ore$d1999 215 $aVIII, 98 p.$d21 cm 225 1 $aTask 300 $aSeconda ed. aggiornata 300 $aIn appendice: Alcuni dati sul settore, Gli indirizzi delle associazioni, Gli indirizzi delle fondazioni bancarie aderenti all'Acri 300 $aIn cop.: Nuova ed. aggiornata 610 0 $aServizio sociale volontario 676 $a361.37$v21$zita 702 1$aCanepa,$bMadela 702 1$aOrioli,$bAlberto 801 0$aIT$bUNINA$gREICAT$2UNIMARC 901 $aBK 912 $a990007922410403321 952 $aK 136$bs.i.$fDSS 959 $aDSS 996 $aLavorare nel non profit$9669565 997 $aUNINA LEADER 04024oam 2200961 n 450 001 9910498500603321 005 20230929172426.0 010 $a84-9096-338-X 035 $a(CKB)4100000012033898 035 $a(FrMaCLE)OB-cvz-26995 035 $a(PPN)257806741 035 $a(oapen)doab113548 035 $a(EXLCZ)994100000012033898 100 $a20210923j2021|||| ||| 0 101 0 $afre 135 $auu||||||m|||| 181 $ctxt$2rdacontent 182 $cc$2rdamedia 183 $acr$2rdacarrier 200 00$aEpistola 3. Lettres et conflits$eAntiquité tardive et Moyen Âge$fThomas Deswarte, Bruno Dumézil, Laurent Vissière 210 $aMadrid$cCasa de Velázquez$d2021 215 $a1 online resource (XIV-389 p.) 225 1 $aCollection de la Casa de Velázquez 311 08$a84-9096-337-1 330 $aÀ la fin de l?Antiquité et durant le Moyen Âge, peut-on considérer la lettre comme une arme de guerre ? Depuis plusieurs années, différents programmes européens de recherches explorent les ressources de l?art épistolaire, qui sert tout autant à maintenir le lien entre des amis éloignés qu?à alimenter la haine ou la controverse entre des protagonistes qui ne peuvent, ou ne veulent, se rencontrer. Le présent volume propose de réfléchir sur un temps long aux modalités épistolaires des conflits, à leur mise en forme et en mots, ainsi qu?à leur gestion mémorielle, afin d?éclairer les continuités et ruptures sur la période choisie, du ive au xve siècle, en combinant les approches historique et littéraire et articulant l?étude du contenu et à celle du contenant. Desde la Antigüedad tardía hasta el final de la Edad Media, la carta no es siempre una «conversación entre amigos ausentes» (Cicerón), sino que también puede ser un acto de combate. En la intersección de historia, literatura, sociología y antropología, este volumen analiza la forma y la redacción de las cartas en tiempos de guerra, su gestión conmemorativa, así como los propios conflictos epistolares, donde la violencia del estilete no tiene nada que envidiar a la de la espada. 606 $aHistory 606 $aLiterature (General) 606 $acarta 606 $aepistolario 606 $aguerra 606 $aEdad Media 606 $aOccidente 606 $aOriente 606 $alettre 606 $aguerre 606 $aMoyen Âge 606 $aOccident 606 $aOrient 610 $aguerre 610 $alettre 610 $aMoyen Âge 610 $aOccident 610 $aOrient 615 4$aHistory 615 4$aLiterature (General) 615 4$acarta 615 4$aepistolario 615 4$aguerra 615 4$aEdad Media 615 4$aOccidente 615 4$aOriente 615 4$alettre 615 4$aguerre 615 4$aMoyen Âge 615 4$aOccident 615 4$aOrient 700 $aAurell$b Martin$0157327 701 $aBaloup$b Daniel$0622727 701 $aClose$b Florence$0543112 701 $aCo?$b Giulia$0782165 701 $aDeswarte$b Thomas$01290632 701 $aDrocourt$b Nicolas$01282453 701 $aDumézil$b Bruno$01291687 701 $aEmion$b Maxime$01428981 701 $aHerbers$b Klaus$0152818 701 $aKubon$b Sebastian$01428982 701 $aLemesle$b Bruno$0326390 701 $aMarti?n Garci?a$b Juan Manuel$01881325 701 $aMary$b Lionel$01332294 701 $aNimmegeers$b Nathanae?l$00 701 $aPeinado Santaella$b Rafael G$01428985 701 $aPiffanelli$b Luciano$01257998 701 $aRigollet$b Amélie$01428986 701 $aScordia$b Lydwine$01290633 701 $aToureille$b Vale?rie$00 701 $aVeyrard-Cosme$b Christiane$0294268 701 $aVigil Montes$b Néstor$01312674 701 $aVissie?re$b Laurent$00 801 0$bFR-FrMaCLE 906 $aBOOK 912 $a9910498500603321 996 $aEpistola 3. Lettres et conflits$94495784 997 $aUNINA